Easy General Knowledge #7 - Statistics

General Stats
  • This quiz has been taken 64,353 times
  • The average score is 17 of 20
Answer Stats
Question Answer % Correct
What type of creature doesn't like garlic, sunlight, or pointy pieces of wood? Vampires
98%
What is a more common name for H2O? Water
98%
What company did Mark Zuckerberg found? Facebook
97%
Canada has two official languages. One is English. What is the other one? French
96%
How many stars does the United States have on its flag? 50
95%
What animal gets 99% of its food from bamboo plants? Giant Panda
93%
What word is either the opposite of "public" or the lowest rank in the army? Private
93%
What borders England and is known for golf and kilts? Scotland
93%
What animal can have two humps if it's Bactrian and one if it's dromedary? Camel
90%
Who is the current king of the United Kingdom? Charles III
90%
Who was the main male actor in the 1997 movie "Titanic"? Leonardo DiCaprio
89%
What country do famous soccer players Ronaldo and Ronaldinho come from? Brazil
87%
What English folk hero shot a bow and arrow, stole from the rich, and gave to the poor? Robin Hood
87%
Clark Kent goes into a phone booth and changes his clothes. Who comes out? Superman
86%
What is the most common chess piece? Pawn
85%
In the fairy tale, who planted magic beans and then met a giant? Jack
84%
A group of fish is a called a school. What is a group of birds called? a Flock
77%
What's the largest type of bird? Ostrich
77%
What element of the periodic table provides the fuel for most nuclear power plants? Uranium
66%
What's made of sand and rhymes with moon? Dune
54%
No matching quizzes found
Score Distribution
Percent of People with Each Score
Percentile by Number Answered
Your Score History
You have not taken this quiz